De Noigandres 1

Збережено в:
Бібліографічні деталі
Автор: Campos, Augusto de
Формат: Книга
Мова:Undetermined
Опубліковано: Lima, Perú Centro de Estudios Brasileños 1983
Редагування:2
Предмети:
Теги: Додати тег
Немає тегів, Будьте першим, хто поставить тег для цього запису!

MARC

LEADER 00000nam a2200000Ia 4500
008 170316s9999 xx 000 0 und d
999 |c 11682  |d 11682 
040 |a cru BVZT 
090 |a 869 C-1d v.1 
100 |a Campos, Augusto de 
245 |a De Noigandres 1  |c / Augusto de Campos 
250 |a 2 
260 |a Lima, Perú  |b Centro de Estudios Brasileños  |c 1983 
300 |a 78 páginas 
650 |a LITERATURA BRASILEÑA  |9 196 
942 |c 15 D  |h 869 C-1d v.1  |2 z